Majetok neurčený na zabezpečenie príjmov v účtovníctve ROPO a obcí

Pokračovanie príspevku z predchádzajúceho čísla. Ilustračné príklady

Saved in:
Bibliographic Details
Main Author: Kršeková, Marianna
Format: Book Chapter
Language:Slovak
Subjects:
Tags: Add Tag
No Tags, Be the first to tag this record!

MARC

LEADER 00000naa a2200000 4500
001 0118130
005 20240502072324.8
041 0 |a slo 
044 |a SK 
245 1 0 |a Majetok neurčený na zabezpečenie príjmov v účtovníctve ROPO a obcí  |c Marianna Kršeková 
520 |a Pokračovanie príspevku z predchádzajúceho čísla. Ilustračné príklady 
610 2 0 |a majetok 
610 2 0 |a správa verejná 
610 2 0 |a obce 
610 2 0 |a organizácie rozpočtové 
610 2 0 |a organizácie príspevkové 
610 2 0 |a jednotka účtovná 
610 2 0 |a výkazy účtovné 
610 2 0 |a účtovanie 
100 1 |a Kršeková, Marianna